LEADER 01103nam a2200277 a 4500 001 000000159280 003 CaOOAMICUS 005 20170307103931.0 008 170307s2016 it u000 u ita r 020 $a978-88-921-0522-5* 032 $aLibriCat 040 $aPUL$bita 082 04$a332.042 100 1 $aMaffeis, Daniele.$0(OLS)http://pul/name/94672 245 10$aDiritto e prassi del mercato finanziario /$cDaniele Maffeis. 260 $aTorino :$bG. Giappichelli,$c©2016. 300 $aIX, 484 p. ;$c24 cm. 650 4$aFinanza internazionale.$0(OLS)http://pul/subject/35917 850 $aPUL 852 $aPUL$W1$xSL Diritto e Scienze Sociali 3$y79$m332. 042 MAFDA 1$j182587$qDDC 21$B185794$CPULBib$Z2$F185794 $H129091 $81 941 1 $a9 996 $6020$a978-88-921-0522-5*$9(OLS)http://pul/number/162162 996 $6082$a332.042$9(OLS)http://pul/classification/2250 996 $6245$aDiritto e prassi del mercato finanziario$9(OLS)http://pul/title/198900 996 $6260$aTorino :$bG. Giappichelli$9(OLS)http://pul/publisher/49130 LEADER 01350nam a2200289 u 4500 001 000000108981 003 CaOOAMICUS 005 20080111104324.0 008 080111s2007 fr u000 u fre u 020 $z978-2-204-08458-1* 040 $aPUL$bita$dLDB 100 1 $aCazeaux, Jacques.$0(OLS)http://pul/name/15454 245 13$aLa contre-épopée du désert :$bessai sur Exode-Lévitique Nombres /$cJacques Cazeaux. 260 $aParis :$bLes Éditions du Cerf,$c2007. 300 $a637 p. ;$c23 cm. 490 1 $aLectio divina ;$v218 504 $aInclude bibliografie e indici. 630 04$aBiblia.$pV.T.$pLeviticus.$0(OLS)http://pul/subject/17513 630 04$aBiblia.$pV.T.$pExodus$xCritica, interpretazione, ecc.$0(OLS)http://pul/subject/6714 630 04$aBiblia.$pV.T.$pNumeri$xCritica, interpretazione, ecc.$0(OLS)http://pul/subject/1986 830 0$aLectio divina ;$v218.$0(OLS)http://pul/title/3461 850 $aPUL 852 $aPUL$W1$xSL Religione 1$y3$m9 I 218$j124359$qStampati$B123190$CPULBib$Z2$F123190 $H106167 $82 941 1 $a8 996 $6020$z978-2-204-08458-1*$9(OLS)http://pul/number/136685 996 $6245$aLa contre-épopée du désert :$bessai sur Exode-Lévitique Nombres$9(OLS)http://pul/title/137132 996 $6260$aParis :$bLes Éditions du Cerf$9(OLS)http://pul/publisher/47861